[Event "German Masters 2021"]
[Site "Magdeburg"]
[Date "2021.07.24"]
[Round "2.5"]
[White "Engel, Luis"]
[Black "Heimann, Andreas"]
[Result "1/2-1/2"]
[WhiteElo "2543"]
[BlackElo "2599"]
[Annotator "ChessBase"]
[PlyCount "123"]
[EventDate "2021.07.23"]
[EventType "tourn"]
[EventCountry "GER"]
[SourceTitle "playchess.com"]
[Source "ChessBase"]
[SourceQuality "1"]
[TimeControl "40/5400+30:1800+30"]

1. e4 {[%emt 0:00:03]} e5 {[%emt 0:00:04]} 2. Bc4 {[%emt 0:00:06]} Nf6 {[%emt 0:00:05]} 3. d3 {[%emt 0:00:04]} Nc6 {[%emt 0:00:05]} 4. Nc3 {[%emt 0:00:06]} Na5 {[%emt 0:00:19]} 5. Nge2 {[%emt 0:00:07]} Bc5 {[%emt 0:01:28]} 6. O-O {[%emt 0:00:21]} Nxc4 {[%emt 0:00:17]} 7. dxc4 {[%emt 0:00:07]} d6 {[%emt 0:00:03]} 8. Qd3 {[%emt 0:00:11]} Be6 {[%emt 0:02:36]} 9. b3 {[%emt 0:00:33]} O-O {[%emt 0:00:55]} 10. Be3 {[%emt 0:02:33]} Bxe3 {[%emt 0:06:30]} 11. Qxe3 {[%emt 0:00:06]} c6 {[%emt 0:00:04]} 12. Rad1 {[%emt 0:04:53]} Qc7 {[%emt 0:00:18]} 13. Rd3 {[%emt 0:03:41]} Rfd8 {[%emt 0:02:11]} 14. Rfd1 {[%emt 0:03:14]} Rd7 {[%emt 0:01:51]} 15. h3 {[%emt 0:05:02]} h6 {[%emt 0:08:01]} 16. f4 {[%emt 0:13:58]} exf4 {[%emt 0:01:13]} 17. Qxf4 {[%emt 0:00:08]} Rad8 {[%emt 0:01:38]} 18. c5 {[%emt 0:21:53]} Ne8 {[%emt 0:08:50]} 19. Nd4 {[%emt 0:05:22]} Qa5 {[%emt 0:15:23]} 20. cxd6 {[%emt 0:01:24]} Rxd6 {[%emt 0:01:42]} 21. e5 {[%emt 0:02:21]} R6d7 {[%emt 0:00:36]} 22. b4 {[%emt 0:04:58]} Qc7 {[%emt 0:00:17]} 23. Ne4 {[%emt 0:00:40]} Bc4 {[%emt 0:01:25]} 24. R3d2 {[%emt 0:08:45]} f6 {[%emt 0:00:17]} 25. Nf3 {[%emt 0:07:10]} Rxd2 {[%emt 0:02:34]} 26. Rxd2 {[%emt 0:00:24]} Rxd2 {[%emt 0:02:18]} 27. Nexd2 {[%emt 0:03:13]} Bxa2 {[%emt 0:04:05]} 28. c4 {[%emt 0:00:47]} b5 {[%emt 0:09:22]} 29. Qf5 {[%emt 0:02:49]} bxc4 {[%emt 0:09:18]} 30. Qe6+ {[%emt 0:00:31]} Qf7 {[%emt 0:00:03]} 31. Qxc6 {[%emt 0:00:08]} c3 {[%emt 0:00:04]} 32. Qxc3 {[%emt 0:00:27]} Bd5 {[%emt 0:02:06]} 33. Qc8 {[%emt 0:01:53]} Qe6 {[%emt 0:03:35]} 34. Qxe6+ {[%emt 0:02:32]} Bxe6 {[%emt 0:00:04]} 35. Nd4 {[%emt 0:00:05]} Bd5 {[%emt 0:00:03]} 36. Nb5 {[%emt 0:00:37]} fxe5 {[%emt 0:01:05]} 37. Nxa7 {[%emt 0:00:06]} Kf7 {[%emt 0:00:02]} 38. Kf2 {[%emt 0:00:36]} Nd6 {[%emt 0:00:46]} 39. Nf3 {[%emt 0:02:22]} Ke6 {[%emt 0:00:14]} 40. b5 {[%emt 0:01:30]} Ba8 {[%emt 0:01:18]} 41. g4 {[%emt 0:34:20]} Kd5 {[%emt 0:31:24]} 42. Ke3 {[%emt 0:00:00]} Bb7 {[%emt 0:00:00]} 43. h4 {[%emt 0:00:00]} Nc4+ {[%emt 0:00:00]} 44. Ke2 {[%emt 0:00:00]} Kc5 {[%emt 0:00:00]} 45. h5 {[%emt 0:00:00]} e4 {[%emt 0:00:00]} 46. Nh4 {[%emt 0:00:00]} Ne5 {[%emt 0:00:00]} 47. g5 {[%emt 0:00:00]} hxg5 {[%emt 0:01:02]} 48. Nf5 {[%emt 0:00:00]} g6 {[%emt 0:00:05]} 49. hxg6 {[%emt 0:00:00]} Nxg6 {[%emt 0:00:04]} 50. Ng3 {[%emt 0:00:00]} Nf4+ {[%emt 0:04:04]} 51. Ke3 {[%emt 0:00:00]} Ng2+ {[%emt 0:00:04]} 52. Kf2 {[%emt 0:00:00]} e3+ {[%emt 0:01:12]} 53. Ke2 {[%emt 0:00:00]} Bd5 {[%emt 0:04:37]} 54. Nc6 {[%emt 0:00:00]} Bc4+ {[%emt 0:04:43]} 55. Kf3 {[%emt 0:00:00]} Bxb5 {[%emt 0:00:05]} 56. Ne7 {[%emt 0:00:00]} e2 {[%emt 0:04:33]} 57. Nxe2 {[%emt 0:00:00]} Nh4+ {[%emt 0:00:04]} 58. Kg4 {[%emt 0:00:09]} Bxe2+ {[%emt 0:00:08]} 59. Kxg5 {[%emt 0:00:06]} Nf3+ {[%emt 0:00:05]} 60. Kf4 {[%emt 0:00:12]} Nd4 {[%emt 0:00:07]} 61. Nf5 {[%emt 0:00:15]} Nxf5 {[%emt 0:00:12]} 62. Kxf5 {[%emt 0:00:06]} 1/2-1/2

[Event "German Masters 2021"]
[Site "Magdeburg"]
[Date "2021.07.25"]
[Round "3.1"]
[White "Heimann, Andreas"]
[Black "Bluebaum, Matthias"]
[Result "1/2-1/2"]
[WhiteElo "2599"]
[BlackElo "2669"]
[Annotator "TA"]
[PlyCount "80"]
[EventDate "2021.07.23"]
[EventType "tourn"]
[EventCountry "GER"]
[SourceTitle "playchess.com"]
[Source "ChessBase"]
[SourceQuality "1"]

{[%evp 11,80,-1,39,7,0,0,16,-8,0,0,10,0,14,0,0,0,43,29,34,39,30,14,9,13,18,18,19,22,17,16,20,15,20,25,48,47,58,0,3,2,6,0,0,0,8,4,4,8,8,0,0,0,0,0,0,0,0,0,0,0,0,0,0,0,0,0,0,0,0,0,39]} 1. d4 Nf6 2. c4 e6 3. Nc3 Bb4 4. Qc2 d5 5. a3 Bxc3+ 6. Qxc3 b6 7. Nf3 {E36: Nimzo-Indian: Classical: 4...d5 5 a3.} Ba6 8. e3 Nbd7 {[#]} 9. Bd3 $146 ({Predecessor:} 9. b4 O-O 10. Bb2 Rc8 11. Be2 dxc4 12. Bxc4 Nd5 13. Qb3 Bxc4 14. Qxc4 c5 15. dxc5 bxc5 16. O-O cxb4 {½-½ (16) Malaniuk,V (2522)-Tarlev,K (2472) Odessa 2007}) 9... Bxc4 10. Bxc4 dxc4 11. Qxc4 c5 12. dxc5 Nxc5 13. b4 Ncd7 (13... Nce4 {is more complex.} 14. O-O O-O 15. Bb2 Rc8 16. Qa6 Rc7) 14. Bb2 O-O 15. O-O Qc8 16. Rac1 Qxc4 17. Rxc4 b5 18. Rc7 Nb6 19. Bxf6 gxf6 20. Nd4 a6 21. Rfc1 Rfc8 22. Rxc8+ Rxc8 23. Rxc8+ Nxc8 $11 {[%mdl 4096] Endgame KN-KN} 24. Nb3 ({White should try} 24. Nc6 $14) 24... Nb6 {The position is equal.} 25. Nc5 Nc4 26. a4 bxa4 27. Nxa4 Kf8 28. Nc5 a5 $1 29. bxa5 Nxa5 30. g4 Kg7 31. Kg2 Kg6 32. Kg3 f5 33. h3 fxg4 34. hxg4 h5 35. Nd3 hxg4 36. Ne5+ Kf6 37. Nxg4+ Kf5 38. Nh6+ Kg6 39. Ng4 Kf5 40. Nh6+ Ke5 {Weighted Error Value: White=0.08/Black=0.05} (40... Kg6 $5 {[%cal Rg6h6]} 41. Ng4 Kf5 $11) 1/2-1/2

[Event "German Masters 2021"]
[Site "Magdeburg"]
[Date "2021.07.25"]
[Round "3.2"]
[White "Fridman, Daniel"]
[Black "Engel, Luis"]
[Result "1-0"]
[WhiteElo "2608"]
[BlackElo "2543"]
[Annotator "TA"]
[PlyCount "85"]
[EventDate "2021.07.23"]
[EventType "tourn"]
[EventCountry "GER"]
[SourceTitle "playchess.com"]
[Source "ChessBase"]
[SourceQuality "1"]

{[%evp 13,85,0,0,0,0,0,0,0,0,0,17,-10,-14,-16,-14,-10,-34,-14,-28,-29,-24,-24,-27,-39,-31,-18,-21,-25,0,0,20,29,118,100,83,81,138,149,226,141,145,135,165,157,127,33,35,44,269,276,333,299,289,256,261,212,347,384,1050,1008,1108,1041,29971,29970,4822,2439,2321,2150,29984,29985,29985,29986,29985,5589]} 1. d4 Nf6 2. c4 e6 3. Nc3 Bb4 4. Qc2 O-O 5. e4 d5 6. e5 Ne4 7. Bd3 c5 $1 {[%cal Rc5d4]} 8. Nf3 {E32: Nimzo-Indian: Classical (4 Qc2): 4...0-0.} cxd4 9. Nxd4 Nd7 10. Bf4 {The position is equal.} Qh4 11. g3 Qh5 12. h4 Nxe5 13. Be2 {[%cal Re2h5]} Ng4 14. Bxg4 Qxg4 15. f3 Qh5 {And now ...e5 would win.} (15... Bxc3+ $6 16. bxc3 Qh5 17. g4 $16 (17. fxe4 e5 $14)) 16. g4 $5 {[%mdl 4] An interesting side line.} Qg6 {Strongly threatening ...Nxc3.} (16... Bxc3+ $6 17. bxc3 Qg6 18. fxe4 $16) 17. fxe4 e5 $1 {[%cal Re5d4]} 18. O-O-O Bxc3 (18... exd4 $6 {[#]} 19. h5 $1 $16) 19. Nf5 Bxf5 (19... Qxg4 $6 20. Nh6+ gxh6 21. Rdg1 $16) 20. gxf5 Qg4 21. Be3 Bb4 {[#]} 22. Rhg1 $146 ({Predecessor:} 22. exd5 Rac8 23. Rhg1 Qxc4 24. Qxc4 Rxc4+ 25. Kb1 Rxh4 26. Bg5 Rd4 27. Rxd4 exd4 28. Bf6 {0-1 (59) Potapova,M (2277)-Sidorika,V (2331) Chess.com INT 2021}) 22... Qxh4 (22... Qf3 $11 {keeps the balance.} 23. Bh6 Bc5 24. Rxg7+ Kh8) 23. Qg2 $16 {[%csl Gg1][%cal Rg2g7]} g6 24. Rxd5 {aiming for Bg5.} Rfc8 (24... Be7 $142) 25. b3 {[%mdl 1024] Hoping for Bg5. White has strong compensation.} Bf8 (25... Qf6 $16 {was worth a try.}) 26. Kb1 {Black must now prevent Bg5.} ({Not} 26. fxg6 fxg6 27. Kb2 (27. Rxe5 Re8 $15) 27... Qe7 $14) (26. Rxe5 Re8 $15) 26... Qf6 27. Qh3 Bg7 28. Bg5 Qc6 29. Bh6 (29. Rh1 $16 h5 30. Qd3) 29... Rd8 $14 30. Rh1 Rxd5 $2 {A mistake that costs the game.} ({Better is} 30... Qf6 $1 $14) 31. exd5 $18 ({But not} 31. cxd5 $6 Qf6 $18) 31... Qf6 {Threatens to win with ...Bxh6.} 32. Bxg7 Qxg7 {[%mdl 4096] Endgame KQR-KQR} 33. f6 $1 $40 {[%cal Rf6g7][%mdl 128] Black is in trouble.} Qh8 34. Qh6 e4 (34... Rd8 $142) 35. Rf1 e3 $2 (35... Rd8 36. Kc2 b6) 36. Qxe3 h6 37. d6 g5 38. d7 Qh7+ 39. Kc1 {Qe8+ would kill now.} Qg6 40. Qe8+ {[%mdl 64] Double Attack} Kh7 41. Qxa8 {[%mdl 64] Double Attack. White mates.} Qd3 {[#]} 42. d8=Q $1 {[%cal Rd8d3][%mdl 512]} Qxf1+ 43. Kc2 {Weighted Error Value: White=0.11/Black=0.49} (43. Kb2 $142 Qf2+ 44. Ka3 Qc5+ 45. b4 Qe3+ 46. Ka4 Kg6 47. Qg8+ Kf5 48. Qxb7) 1-0

[Event "German Masters 2021"]
[Site "Magdeburg"]
[Date "2021.07.25"]
[Round "3.3"]
[White "Kollars, Dmitrij"]
[Black "Graf, Alexander"]
[Result "1-0"]
[WhiteElo "2607"]
[BlackElo "2569"]
[Annotator "TA"]
[PlyCount "85"]
[EventDate "2021.07.23"]
[EventType "tourn"]
[EventCountry "GER"]
[SourceTitle "playchess.com"]
[Source "ChessBase"]
[SourceQuality "1"]

{[%evp 16,85,66,62,52,65,44,31,118,5,8,0,0,0,-4,0,-14,0,0,6,35,37,46,42,46,46,107,95,111,111,291,306,312,311,307,312,312,312,312,312,311,307,307,302,311,310,304,255,248,248,248,248,313,269,310,310,362,347,405,373,373,373,373,365,345,323,392,392,392,372,12277,12277]} 1. e4 Nf6 2. e5 Nd5 3. d4 d6 4. c4 Nb6 5. f4 Bf5 6. Nf3 e6 7. Nc3 dxe5 8. fxe5 Bb4 9. Bd3 c5 {B03: Alekhine's Defence: Four Pawns Attack.} 10. Bg5 $5 {[%mdl 4] A promising side line.} Qd7 {[#]} 11. O-O $146 ({Predecessor:} 11. Bxf5 exf5 12. d5 Bxc3+ 13. bxc3 O-O 14. Qd3 Qa4 15. O-O Qxc4 16. Qxf5 Nxd5 17. e6 {1-0 (85) Bernal Varela,N (2368)-Rain,R (2227) ICCF email 2017}) 11... h6 {[#]} ({Black should play} 11... cxd4 $14 12. Nb5 O-O) 12. Bh4 (12. Nb5 $1 $16 {[%cal Rb5d6]} cxd4 13. a3 $1 Bxd3 14. Qxd3) 12... cxd4 $11 13. Ne4 Nc6 14. a3 Bxe4 15. Bxe4 Be7 16. Bxe7 Qxe7 17. c5 $36 {[%mdl 2048] White fights for an advantage.} (17. Nxd4 Nxe5 18. c5 Qxc5 $17) 17... Qxc5 {Hoping for ...d3+.} (17... Nd5 {is more complex.} 18. Bxd5 exd5 19. b4 O-O 20. Nxd4 Nxd4 21. Qxd4 Rad8) 18. Rc1 $1 {[%cal Rc1c5]} Qb5 {[#]} 19. Rxc6 $1 {[%mdl 64] Remove Defender} bxc6 20. Nxd4 {[%mdl 64] Double Attack} Qxe5 (20... O-O-O $14 21. Nxb5 Rxd1 22. Nxa7+ {[%mdl 64] Double Attack} (22. Rxd1 cxb5 23. Rf1 Rf8 $15) 22... Kb7 23. Rxd1 (23. Bxc6+ Kxa7 24. Rxd1 Nc4 $11 {[%mdl 64] Double Attack}) 23... Kxa7) 21. Bxc6+ $16 {[%mdl 64] Double Attack} Kf8 {[#]} 22. Re1 $1 {[%cal Re1e5]} Qc7 {This costs Black the game.} (22... Qf6 $16 23. Bxa8 Nxa8) 23. Qf3 $18 {Strongly threatening Nxe6+.} ({But not} 23. Bxa8 $6 Nxa8 24. Qf3 Qc8 $16) 23... Re8 {...Qd6 is the strong threat.} ({Reject} 23... Qd6 $6 24. Nxe6+ Kg8 25. Bxa8 $18) 24. Nxe6+ $1 Rxe6 25. Rxe6 {[%csl Gc6][%cal Re6e8]} Kg8 26. Re8+ Kh7 {With the idea ...Rxe8.} 27. Qe4+ f5 28. Qxf5+ g6 29. Rxh8+ {[%mdl 64] Overworked Piece} Kxh8 30. Qxg6 Qf4 31. Qe8+ Kg7 32. Qe7+ {[%mdl 64] Double Attack} Kh8 {[#]} 33. Qc5 Kg8 34. Qc3 Kh7 35. h3 h5 36. g3 Qd6 37. h4 Qd1+ 38. Kf2 Nd5 39. Bxd5 Qxd5 40. Ke3 {aiming for Qd3+.} Kh6 41. Qf6+ Kh7 42. Qd4 Qb3+ (42... Qf7 43. Qe5 Kg6 44. Qg5+ Kh7) 43. Qd3+ {Weighted Error Value: White=0.10/Black=0.25} 1-0

[Event "German Masters 2021"]
[Site "Magdeburg"]
[Date "2021.07.25"]
[Round "3.4"]
[White "Meier, Georg"]
[Black "Svane, Rasmus"]
[Result "1/2-1/2"]
[WhiteElo "2628"]
[BlackElo "2615"]
[Annotator "TA"]
[PlyCount "75"]
[EventDate "2021.07.23"]
[EventType "tourn"]
[EventCountry "GER"]
[SourceTitle "playchess.com"]
[Source "ChessBase"]
[SourceQuality "1"]

{[%evp 24,75,18,18,18,18,17,10,5,0,0,0,0,0,0,0,0,-3,-3,-3,-2,-5,-4,-4,0,0,0,0,0,0,0,0,0,0,0,0,0,0,0,0,0,0,0,0,0,0,0,0,0,0,0,0,0,0]} 1. Nf3 d5 2. g3 Nf6 3. Bg2 c5 4. O-O g6 5. c3 Bg7 6. d4 cxd4 7. cxd4 O-O 8. Nc3 Ne4 9. Ne5 Nxc3 10. bxc3 Nc6 11. Nxc6 bxc6 12. Qa4 Qb6 13. Ba3 {The position is equal.} Qa6 {D79: Fianchetto Grünfeld: Symmetrical Variation (6 0-0 c6 7 cxd5 cxd5).} 14. Qxa6 Bxa6 15. Rfb1 $1 {15.Rfb1 is better than 15.Rfe1.} Rfb8 16. Bf1 Bf8 17. Bc5 {[#]} e6 $146 ({Predecessor:} 17... Bc4 18. a4 a6 19. e3 Bxf1 20. Kxf1 e6 21. Bxf8 Kxf8 22. Ke2 Ke7 23. Kd3 Kd6 24. c4 {½-½ (25) Jakovljevic,V (2420)-Guido,F (2382) Ancona 2009}) 18. Rxb8 Rxb8 19. Bxa7 Ra8 20. Bc5 Bxc5 21. dxc5 $11 {[%mdl 4096] Endgame KRB-KRB} Bb5 22. e3 Kf8 23. a4 {[#]} Ra5 $1 24. f4 ({Much worse is} 24. Bxb5 cxb5 25. Kf1 Ke7 $17) 24... Ke7 25. Kf2 f5 26. Be2 Kd7 27. Ke1 Kc7 28. Ra2 Bxe2 29. Kxe2 Rxc5 {KR-KR} 30. Kd3 Ra5 31. Kd4 Kd6 32. c4 h6 33. Ra1 c5+ 34. Kc3 Kc6 35. Ra2 Kd6 36. Ra1 Kc6 37. Ra2 Kd6 38. Ra1 {A rather calm draw.  Weighted Error Value: White=0.01/Black=0.00} 1/2-1/2

[Event "German Masters 2021"]
[Site "Magdeburg"]
[Date "2021.07.25"]
[Round "3.5"]
[White "Parvanyan, Ashot"]
[Black "Braun, Arik"]
[Result "1-0"]
[WhiteElo "2451"]
[BlackElo "2609"]
[Annotator "TA"]
[PlyCount "157"]
[EventDate "2021.07.23"]
[EventType "tourn"]
[EventCountry "GER"]
[SourceTitle "playchess.com"]
[Source "ChessBase"]
[SourceQuality "1"]

{[%evp 13,157,8,41,33,45,28,28,28,28,36,35,16,27,15,8,7,10,0,16,8,30,8,40,20,59,57,66,68,66,60,61,55,71,85,96,31,50,0,111,0,0,0,-11,-77,0,0,0,-49,-58,-95,0,-95,-76,-77,-79,-65,-40,-20,-76,-133,-125,-124,-47,-264,-127,-117,-136,-93,0,-6,85,72,163,0,0,0,0,0,0,0,0,0,0,0,0,0,0,0,0,0,0,0,62,0,7,7,8,8,8,8,8,8,336,380,370,336,268,159,584,580,636,241,5724,5504,29955,29960,29961,29961,29961,29963,29963,29963,29942,29960,29975,29976,29976,29977,29977,29978,29977,29976,29976,29977,29977,29978,29978,29978,29978,29979,29979,29980,29980,29981,29981,29981]} 1. Nf3 e6 2. c4 a6 3. g3 b5 4. b3 Bb7 5. Bg2 Nf6 6. O-O c5 7. Nc3 $1 {7.Nc3 is better than 7.Bb2.} Qb6 8. e3 {A13: English Opening: 1...e6.} d6 9. d4 {[#]} Nbd7 $146 ({Predecessor:} 9... b4 10. Ne2 Be7 11. Bb2 O-O 12. Nf4 Nbd7 13. d5 e5 14. Ne2 g6 15. Nd2 Ng4 {1-0 (37) Dearing,E (2416)-Bauduin,E (2274) France 2006}) 10. d5 {White has an edge.} exd5 11. cxd5 g6 12. e4 Bg7 13. Qc2 O-O 14. Rb1 Rfe8 15. h3 Qc7 {next ...b4 is good for Black.} 16. Nd2 $1 Nb6 17. Bb2 Rac8 18. a4 b4 {[#]} 19. a5 $1 {[%cal Ra5b6]} Nbd7 20. Na4 Qxa5 21. Nc4 Qc7 22. f4 $1 Nh5 23. g4 Bxb2 24. Qxb2 (24. Naxb2 $16 Ng7 25. Rfe1) 24... Ng7 $14 25. f5 Re5 26. f6 ({Better is} 26. Qf2 $16) 26... Ne8 $11 27. Nxe5 Nxe5 28. Qd2 (28. Qf2 $11) 28... Qd8 ({Black should try} 28... a5 $1 $17) 29. g5 a5 30. Nb2 Ba6 31. Rf2 Nc7 (31... c4 $17 {aiming for ...c3.} 32. bxc4 Qb6) 32. Bf1 (32. Qe3 $11 {remains equal.}) 32... Bxf1 $1 $17 33. Rbxf1 Nb5 34. Nd3 Qe8 35. Nxe5 Qxe5 36. Qe3 ({White should play} 36. Qf4 Qxf4 37. Rxf4) 36... Nc3 {[%mdl 1024] Black has strong compensation.} 37. Re1 Re8 (37... c4 $17 38. bxc4 Rxc4) 38. Rf3 $2 ({White has to play} 38. Qf4 $15) 38... h5 (38... Nxe4 $19 {is more deadly.} 39. Qd3 Qxg5+ 40. Kf1 Nxf6 41. Rxe8+ Nxe8) 39. h4 Kf8 40. Kg2 Kg8 (40... a4 $17 41. bxa4 Nxa4) 41. Qf4 Nb5 (41... Qxf4 $11 {keeps the balance.} 42. Rxf4 Nxd5 $1) 42. Qxe5 $16 Rxe5 {[%mdl 4096] Endgame KRR-KRN} (42... dxe5 $16 43. Ra1 Ra8) 43. Rd3 $2 (43. Rf2 $1 $18) 43... Kf8 $1 $11 44. Ra1 Na3 $1 45. Kf3 Ke8 $1 46. Rd2 Kd7 47. Rxa3 bxa3 {KR-KR} 48. Ra2 Kc7 49. Rxa3 Kb6 50. Ke3 Re8 51. Kd3 Ka6 52. Ra1 Rb8 (52... Kb5 $11) 53. Kc3 (53. e5 $1 $14 dxe5 54. Ke4) 53... Rb4 54. Re1 {White wants to play e5.} Kb6 55. e5 dxe5 56. Rxe5 {Hoping for Re7.} Rxh4 57. Re7 Rd4 $2 {[%mdl 8192]} (57... Rh3+ $11 {and Black is okay.} 58. Kc2 Rh2+ 59. Kd3 Rg2) 58. Rxf7 $18 Rxd5 {[#]} 59. Rf8 $1 Rf5 {[#]} 60. Rg8 $1 h4 $2 (60... Kc7 $16) 61. Rxg6 {White wants to mate with f7+.} h3 62. Rh6 $2 (62. f7+ Kb5 63. Rf6 Rxf6 64. gxf6) 62... Kc7 $2 (62... Kb5 63. Rxh3 Rxg5) 63. Rxh3 Rxg5 64. Rf3 {White mates.} Rg8 65. f7 Rf8 66. Kc4 Kd6 67. Rf1 Ke7 68. Kxc5 a4 69. bxa4 Rc8+ 70. Kb6 Kf8 71. a5 {[%cal Ba4a5,Ba5a6,Ba6a7][%mdl 32]} Rc2 72. Ra1 Rb2+ 73. Kc5 Rc2+ 74. Kb4 Rb2+ 75. Kc3 Rb8 76. a6 Kxf7 77. a7 Ra8 78. Kb4 Ke7 79. Kb5 {White used his chance.  Weighted Error Value: White=0.25/Black=0.36} 1-0

[Event "German Masters 2021"]
[Site "Magdeburg"]
[Date "2021.07.26"]
[Round "4.1"]
[White "Bluebaum, Matthias"]
[Black "Braun, Arik"]
[Result "1/2-1/2"]
[WhiteElo "2669"]
[BlackElo "2609"]
[Annotator "TA"]
[PlyCount "59"]
[EventDate "2021.07.23"]
[EventType "tourn"]
[EventCountry "GER"]
[SourceTitle "playchess.com"]
[Source "ChessBase"]
[SourceQuality "1"]

{[%evp 21,59,9,13,8,65,57,63,69,75,60,69,58,72,60,81,29,29,43,28,31,24,35,20,31,22,24,23,0,0,0,18,-26,19,0,2,-16,25,0,30,-32]} 1. d4 Nf6 2. c4 e6 3. g3 c5 4. d5 exd5 5. cxd5 d6 6. Nc3 g6 7. Bg2 Bg7 8. Nf3 O-O 9. O-O Re8 10. Re1 a6 11. a4 Nbd7 12. Bf4 {A63: Modern Benoni: Fianchetto Variation: 9...Nbd7.} Nf8 {[#]} ({Better is} 12... Ng4 $11) 13. Qc1 $146 ({Predecessor:} 13. e4 h6 14. h4 Ng4 15. Qd2 Kh7 16. Nh2 Qc7 17. Qe2 Nxh2 18. Kxh2 f5 19. h5 g5 {0-1 (42) Reynaud,D-Oliveira,D Florianopolis 2003}) 13... Rb8 14. e4 {White is slightly better.} Nh5 15. Bh6 Bh8 16. a5 b5 {[#]} 17. axb6 $1 Qxb6 18. Rb1 (18. Na4 $16 Qd8 19. Bg5) 18... a5 19. h3 Ba6 20. Qd2 Nd7 21. g4 Nhf6 22. Bf4 h5 23. g5 Nh7 24. h4 Nhf8 25. Qc2 Qc7 26. Na4 Bb5 27. Nc3 Ba6 28. Na4 Bb5 29. Nc3 Ba6 30. Na4 {Weighted Error Value: White=0.11/Black=0.11} (30. Ra1 $11) 1/2-1/2

[Event "German Masters 2021"]
[Site "Magdeburg"]
[Date "2021.07.26"]
[Round "4.2"]
[White "Svane, Rasmus"]
[Black "Parvanyan, Ashot"]
[Result "1-0"]
[WhiteElo "2615"]
[BlackElo "2451"]
[Annotator "ChessBase"]
[PlyCount "58"]
[EventDate "2021.07.23"]
[EventType "tourn"]
[EventCountry "GER"]
[SourceTitle "playchess.com"]
[Source "ChessBase"]
[SourceQuality "1"]
[TimeControl "40/5400+30:1800+30"]

1. e4 {[%emt 0:01:16]} e5 {[%emt 0:00:23]} 2. Nf3 {[%emt 0:00:22]} Nc6 {[%emt 0:00:04]} 3. Bb5 {[%emt 0:00:09]} g6 {[%emt 0:00:13]} 4. c3 {[%emt 0:00:23]} a6 {[%emt 0:00:20]} 5. Ba4 {[%emt 0:00:05]} d6 {[%emt 0:00:10]} 6. d4 {[%emt 0:00:36]} Bd7 {[%emt 0:00:13]} 7. O-O {[%emt 0:00:21]} Bg7 {[%emt 0:00:38]} 8. h3 {[%emt 0:00:49]} Nf6 {[%emt 0:01:08]} 9. Re1 {[%emt 0:00:06]} O-O {[%emt 0:00:48]} 10. Bc2 {[%emt 0:00:05]} Re8 {[%emt 0:02:22]} 11. Nbd2 {[%emt 0:07:28]} b5 {[%emt 0:04:07]} 12. Nf1 {[%emt 0:07:20]} Na5 {[%emt 0:00:19]} 13. Bg5 {[%emt 0:16:38]} h6 {[%emt 0:08:01]} 14. Bh4 {[%emt 0:02:25]} Nc4 {[%emt 0:08:09]} 15. b3 {[%emt 0:02:12]} Nb6 {[%emt 0:09:20]} 16. Qd2 {[%emt 0:00:05]} Qe7 {[%emt 0:05:29]} 17. Rad1 {[%emt 0:04:19]} g5 {[%emt 0:02:53]} 18. Bg3 {[%emt 0:04:22]} Nh5 {[%emt 0:00:24]} 19. Ne3 {[%emt 0:05:29]} Nf4 {[%emt 0:07:33]} 20. Nf5 {[%emt 0:13:19]} Bxf5 {[%emt 0:05:20]} 21. exf5 {[%emt 0:00:07]} Qf6 {[%emt 0:01:09]} 22. h4 {[%emt 0:06:50]} exd4 {[%emt 0:22:50]} 23. cxd4 {[%emt 0:00:06]} Nbd5 {[%emt 0:00:25]} 24. Be4 {[%emt 0:05:51]} Rad8 {[%emt 0:09:28]} 25. Nh2 {[%emt 0:06:06]} c5 {[%emt 0:06:02]} 26. hxg5 {[%emt 0:07:57]} hxg5 {[%emt 0:04:23]} 27. Bxf4 {[%emt 0:01:12]} Nxf4 {[%emt 0:00:21]} 28. g3 {[%emt 0:00:03]} d5 {[%emt 0:01:25]} 29. Bf3 {[%emt 0:02:25]} Nh3+ {[%emt 0:00:31]} 1-0